Guanacaste. zona de paso o encrucijada de caminos /

Guardado en:
Bibliografiske detaljer
Hovedforfatter: Castillo, Antonio
Format: Texto
Tags: Tilføj Tag
Ingen Tags, Vær først til at tagge denne postø!

MARC

LEADER 00000 a a2200000 04500
001 1416
003
040
100 |a Castillo, Antonio  
245 |a Guanacaste. zona de paso o encrucijada de caminos /  |c Antonio Castillo 
773 |g número 74; páginas 40  
999 |c 29428  |d 29428